Представление документа в формате RUSMARC

ПолеНазваниеЗначение
  Тип записи i
  Библиографический уровень m
001 Контрольный номер RU/IS/BASE/542465954
005 Дата корректировки 20201206205040.7
010 Индекс ISBN __
a ISBN 978-5-9677-2225-7 (в кор.)
d Цена 219-48
100 Данные общей обработки __
a Данные общей обработки 19170310d2014||||||| 0rusy0189 ca
101 Язык документа 0_
a Язык текста rus
102 Страна публикации __
a Страна публикации ru
105 Кодированные данные (монография) __
a Кодированные данные (монография) nn|||||||f|zy
127 Кодированные данные (звукозаписи-физические характеристики) __
a Продолжительность проигрывания 03 ч 58 мин
200 Заглавие и сведения об ответственности 1_
a Заглавие Капитанская дочка
e Сведения, относящиеся к заглавию [повесть : 12+]
f Первые сведения об ответственности А. С. Пушкин ; читает Артем Цыпин ; звукорежиссер Иван Иванов
b Общее обозначение материала Звукозапись
210 Выходные данные __
a Место издания Москва
c Издательство 1С-Паблишинг
d Дата издания 2014
215 Физическое описание __
a Объем 1 электрон. опт. диск (Audio CD)
c Иллюстрации/тип воспроизводства mp3, stereo
d Формат 12х14 см
225 Серия __
a Серия 1С: Аудиокниги
230 Специфическая характеристика материала: электронные ресурсы __
a Обозначение и объем ресурса Электронные звуковые данные
300 Общие примечания __
a Общие примечания Заглавие с этикетки диска
323 Примечание о главных создателях, исполнителях, участниках __
a Примечание о главных создателях, исполнителях, участниках Цыпин, А. (читает)
330 Аннотация __
a Аннотация Главный герой произведения Петр Андреевич Гринев - молодой человек, дворянин, сын прославленного русского офицера в отставке. Чтобы закалить характер наследника, отец отправляет его на службу - в мирный захолустный гарнизон. Но события принимают драматический оборот. Гринев-младший оказывается в водовороте народного восстания под предводительством Емельяна Пугачева, неожиданно получает его милость и заступничество, чудом избегает казни за мнимую государственную измену и обретает свою любовь...
333 Примечание о целевом назначении __
a Примечание о целевом назначении 12+. Для детей старше 12 лет
337 Примечание о системных требованиях (электронные ресурсы) __
a Примечание о системных требованиях (электронные ресурсы) Системные требования: MS Windows 95/98/2000/XP/ Vista/7/8 ; Pentium 100 ; ОЗУ 16 Мб ; монитор SVGA, 800x600 ; устройство чтения CD/DVD-ROM ; звуковая карта ; колонки или наушники ; мышь ; аудиосистемы с поддержкой формата MP3
606 Тематические рубрики __
a Основная рубрика Художественная литература
606 Тематические рубрики __
a Основная рубрика Русская литература XIX в. (произведения)
610 Ключевые слова __
a Ключевые слова Гринев
a Ключевые слова классическая литература
a Ключевые слова литературные герои
a Ключевые слова литературные персонажи
a Ключевые слова патриотическая тема
a Ключевые слова повести
a Ключевые слова русская классика
a Ключевые слова русская классическая литература
a Ключевые слова тема крестьянских бунтов
a Ключевые слова тема крестьянских восстаний
a Ключевые слова тема любви
a Ключевые слова тема любви к Родине
a Ключевые слова тема патриотизма
a Ключевые слова тема пугачевских бунтов
686 Индексы других классификаций __
2 Код системы rubbks
a Классификационный индекс 84(2=411.2)52-4я04; ст84(2Рос=Рус)1-4я0
700 Автор _1
a Фамилия Пушкин
b Имя А. С.
f Даты 1799-1837
g Полное личное имя Александр Сергеевич
4 Код отношения 070
702 Вторичная интеллектуальная ответственность _1
a Фамилия Иванов
b Имя И.
4 Код отношения Звукорежиссер
4 Код отношения 570
801 Источник записи _0
a Страна ru
b Организация Муниципальное бюджетное учреждение культуры "Централизованная библиотечная система" г. Сургут (Центральная городская библиотека им. А. С. Пушкина)
c Дата составления 20170310
g Правила каталогизации КиК/Апакова
801 Источник записи _1
a Страна ru
b Организация Муниципальное бюджетное учреждение культуры "Централизованная библиотечная система" г. Сургут (Центральная городская библиотека им. А. С. Пушкина)
c Дата составления 20170310
g Правила каталогизации КиК/Апакова
852 Данные о местонахождении __
j Шифр хранения 84(2=411.2)52-4я04
i Авторский знак П 91
901 Тип документа __
t Тип документа 0
903 Характеристики (МАРС) __
a Дата передачи 20170310
969 Тип издания __
a Тип издания аудиокнига; издание для слепых
990 Данные о заказе (DOS) __
j Количество экземпляров (DOS) 3
t N записи в КСУ для И/У (DOS) 201703